000 00507nam a2200169 i 4500
001 bg
245 0 _aFizyka :
_blaboratorium : praca zbiorowa /
_cpod red. Jana Piotrowskiego.
260 _aRzeszów :
_bPolitechnika Rzeszowska im. Ignacego Łukasiewicza,
_c1985.
300 _a271, [1] s. :
_brys., wykr. ;
_c24 cm.
504 _aBibliogr. s. 272.
700 1 _aPIOTROWSKI, Jan.
_eRed.
040 _cBPK
041 _apol
080 _a53(075.8)
942 _cKS
008 s pl f |000 0 pol
999 _c3159
_d3159
856 _uhttp://koha.tu.koszalin.pl/cgi-bin/koha/opac-detail.pl?biblionumber=3159
_yKatalog online BPK